Лечебният бъз (Запис номер 191589)
[ съкратено ]
| 000 -Лидер | |
|---|---|
| Контролно поле с фиксирана дължина | 02581nam a2200565 a 4500 |
| 003 - Код на организацията, давaща контролен номер | |
| Контролно поле | BLK |
| 005 - Дата и час на последна редакция | |
| Контролно поле | 20230718094056.0 |
| 008 - Елементи от данни с фиксирана дължина | |
| fixed length control field | 180411b bul|||||r ||||||| ||bul|| |
| 010 ## - Наследен системен номер | |
| LC control number | KNG00200749000 |
| 040 ## - Източник на каталожния запис | |
| Идентификатор на билиотеката - собственик на записа | BLK |
| 041 ## - Код за език | |
| Код за езика на текст/звукозапис или на отделно заглавие | Български |
| Код за езика КДБФ | Български |
| 072 #7 - Код за тематичната категория | |
| Код организация | bullib |
| Код за тематична категория | Л0101 |
| Текст | Билколечение. Природолечение. Народна медицина |
| 080 ## - УДК | |
| Текстов определител УДК | Лекарствени средства от растителен произход. Подразделя се със знак за отношение :582; :633/635; :665.3 |
| УДК код - определител по УДК | 615.322 |
| УДК определител | (035) |
| УДК - код + определител | 615.322(035) |
| 080 ## - УДК | |
| Текстов определител УДК | Народна медицина. Лечение с домашни средства |
| УДК код - определител по УДК | 615.89 |
| УДК определител | (035) |
| УДК - код + определител | 615.89(035) |
| 100 1# - Редна дума - Автор | |
| Автор | Ламброзо, Съни |
| Дати, свързани с автора | 1951- |
| Пълна форма на името | Байчева, Савка Тодорова |
| Авторска отговорност | първи автор |
| R(LIN) | 87544 |
| 139 ## - Редно поле | |
| Редна дума | Байчева, Савка Тодорова |
| Авторски знак | Баир - Б 15 |
| 245 10 - Сведения за заглавието | |
| Заглавие | Лечебният бъз |
| Подзаглавни данни | Чудодейната билка от България и други целебни еликсири |
| Редно поле (дума) | Съни Ламброзо; под ред. на Димитър Любенов Пашкулев; * Савка Тодорова Байчева. |
| 257 ## - Страна на издаване | |
| Страна на създаване/издаване | България |
| 260 ## - Област на издателските данни | |
| Име на издателя, разпространителя и проч. | Хомо Футурус |
| Година на издаване | 2017 |
| 300 ## - Физическа характеристика | |
| Страници | 112 с. |
| Размери/Мащаб | 20 см |
| 380 ## - Жанр | |
| Жанр | Медицина |
| 500 ## - Общи забележки | |
| Забележка | Съни Ламброзо псевд. на Савка Байчева Тодорова. |
| 650 #4 - Допълнително описание по предмет – тема | |
| Основно описание – тема или топоним | Медицински растения - България - свойства и приложение |
| 9 (RLIN) | 264197 |
| 650 #4 - Допълнително описание по предмет – тема | |
| Основно описание – тема или топоним | Билки |
| 9 (RLIN) | 148648 |
| 650 #4 - Допълнително описание по предмет – тема | |
| Основно описание – тема или топоним | Фитотерапия - България |
| 9 (RLIN) | 257083 |
| 650 #4 - Допълнително описание по предмет – тема | |
| Основно описание – тема или топоним | Природолечение - България |
| 9 (RLIN) | 305812 |
| 653 ## - Ключова дума – ненормативна | |
| Ключова дума | фитотерапия |
| 653 ## - Ключова дума – ненормативна | |
| Ключова дума | билки |
| 653 ## - Ключова дума – ненормативна | |
| Ключова дума | лекарствени растения |
| 653 ## - Ключова дума – ненормативна | |
| Ключова дума | медицински растения |
| 653 ## - Ключова дума – ненормативна | |
| Ключова дума | природолечение |
| 653 ## - Ключова дума – ненормативна | |
| Ключова дума | бъз |
| 653 ## - Ключова дума – ненормативна | |
| Ключова дума | малини |
| 653 ## - Ключова дума – ненормативна | |
| Ключова дума | къпини |
| 653 ## - Ключова дума – ненормативна | |
| Ключова дума | боровинка |
| 653 ## - Ключова дума – ненормативна | |
| Ключова дума | арония |
| 653 ## - Ключова дума – ненормативна | |
| Ключова дума | смокини |
| 653 ## - Ключова дума – ненормативна | |
| Ключова дума | глухарче |
| 659 ## - Тематичен бюлетин | |
| Тематичен бюлетин | Л |
| 659 ## - Тематичен бюлетин | |
| Тематичен бюлетин | Н |
| 700 1# - Други автори (авторска отговорност) | |
| Лично име | Пашкулев, Димитър Любенов |
| Автороска отговорност (Описва отношението между автора и произведението) | под ред. на |
| 9 (RLIN) | 366525 |
| 700 1# - Други автори (авторска отговорност) | |
| Лично име | Байчева, Савка Тодорова |
| Автороска отговорност (Описва отношението между автора и произведението) | * |
| 9 (RLIN) | 300637 |
| 852 ## - Местоположение | |
| Форматна сигнатура | Цб 284394 |
| 856 4# - Електронен адрес и достъп | |
| Електронен формат | pdf - файл |
| 856 4# - Електронен адрес и достъп | |
| Електронен формат | pdf - файл |
| 999 ## - СИСТЕМНИ КОНТРОЛНИ НОМЕРА | |
| Koha biblionumber | 191589 |
| Koha biblioitemnumber | 191589 |
| 942 ## - АРТИКУЛИ | |
| Вид на библиотечния материал | Книги |
| Скрит в OPAC | Не |
| Koha issues (borrowed), all copies | 3 |
| 944 ## - СЪЗДАВАНЕ И РЕДАКЦИЯ на ЗАПИСА | |
| Създаване/Редакция | Създаване |
| Дата на регистрацията/редакция | 13.02.2017 |
| Статус, дата на статуса | Диана Гривева |
| Служител, извършил регистрацията/редакцията | 30529 |
| 944 ## - СЪЗДАВАНЕ И РЕДАКЦИЯ на ЗАПИСА | |
| Създаване/Редакция | Редакция |
| Дата на регистрацията/редакция | 24.02.2017 |
| Статус, дата на статуса | ф / |
| Служител, извършил регистрацията/редакцията | Ирена_Линкова |
| 999 ## - СИСТЕМНИ КОНТРОЛНИ НОМЕРА | |
| Koha biblioitemnumber | 191589 |
| Код за отписване | Код за изгубен артикул | Код за повреда | Коз за рестрикции | Код за отдаване | Артикулен № | Име на библиотеката - собственик | Име на библиотеката, в която се намира в момента | Статус (Текущо местоположение) | Дата на вписване в системата | Местоположение - отдел | Цена в лева | Инвентарен номер | Систематично азбучна сигнатура | Баркод | Номер на екземпляра | Цена в евро | Служебна бележка | Служебен тип на артикула | Източник на класификационната схема |
|---|---|---|---|---|---|---|---|---|---|---|---|---|---|---|---|---|---|---|---|
| Не е изгубен | Не е повреден | без рестрикции | заемане за дома | 336471 | Регионална библиотека "Любен Каравелов" Русе | Регионална библиотека "Любен Каравелов" Русе | Заемна - подръчен фонд | 2017-02-14 | Заемна - подръчен фонд | 4.68 | 120000808447 | П 615.3/Б 15 | 120000808447 | 1 | 2.39 | Дост: Pk Вид: Ф N: 789 Дата: 10.02.2017 Дата инв: 06.02.2018 Бележки инв: П2018 | Книги | ||
| Не е изгубен | Не е повреден | без рестрикции | заемане за дома | 677829 | Регионална библиотека "Любен Каравелов" Русе | Регионална библиотека "Любен Каравелов" Русе | Заемна - подръчен фонд | 2018-06-21 | Заемна - подръчен фонд | 6.00 | 120000821677 | П 615.3/Б 15 | 120000821677 | 3.07 | Книги | Universal Decimal Classification |